• 首页
  • 本馆介绍
  • 公告通知
  • 最新文献
  • 馆藏检索
  • 电子资源
  • 读者导购
  • 参考咨询
  • 我的图书馆
  • 登录
  • 详细信息显示
  • 放入我的书架
  • 预约/预借图书
  • 作者相关作品
  • 分类相关作品
  • 丛书相关作品
  • 出版社相关作品

书目信息

  • 表格格式
  • 工作单格式
  • 卡片格式
题名:
公路几何线形检测技术
    
 
作者: 王文锐 主编
分册:  
出版信息: 北京   人民交通出版社  2003.11
页数: 101页
开本: 26cm
丛书名:
单 册:
中图分类: U412.36
科图分类:
主题词: 公路线形--检测--技术教育--教材
电子资源:
ISBN: 7-114-03513-6
000 00915nam0 2200253 450
001 0104000024
005 20051124115123.1
010    @a7-114-03513-6@dCNY13.00
100    @a20081127d2003 ekmy0chiy0120 ea
101 0  @achi
102    @aCN@b110000
105    @ay z 000yy
106    @ar
200 1  @a公路几何线形检测技术@AGong Lu Ji He Xian Xing Jian Ce Ji Shu@f王文锐主编@FWang Wen Rui Zhu Bian
210    @a北京@c人民交通出版社@d2003.11
215    @a101页@d26cm
300    @a公路工程试验检测技术培训教材
330    @a本书共五章,主要内容包括:公路线形的组成,中线偏位检测,纵断面高程的检测,横断面的检测。并重点介绍了一些常用的检测仪器以及全站仪、全球定位系统、道路几何测试车等几种新仪器的使用方法。
606 0  @a公路线形@x检测@x技术教育@x教材
690    @aU412.36@v4
701  0 @a王文锐@AWang Wen Rui@4主编
801  0 @aCN@bHTDF@c20081127
905    @aBZT@dU412.36@e2@f10
906    @dCNY13.00@n0@r1
    
    公路几何线形检测技术/王文锐主编.-北京:人民交通出版社,2003.11
    101页;26cm
    公路工程试验检测技术培训教材
    
    ISBN 7-114-03513-6:CNY13.00
    本书共五章,主要内容包括:公路线形的组成,中线偏位检测,纵断面高程的检测,横断面的检测。并重点介绍了一些常用的检测仪器以及全站仪、全球定位系统、道路几何测试车等几种新仪器的使用方法。
●
相关链接 在五车中查询图书 在当当中查询图书 在豆瓣中查询图书


正题名:公路几何线形检测技术     索取号:U412.36/2         预约/预借

序号 登录号 条形码 馆藏地/架位号 状态 备注
1 707652   2000707652   中心书库北库/ 北库040架A面3列3层22/ [索取号:U412.36/2] 在馆    
2 707653   2000707653   中心书库北库/ 北库040架A面3列3层23/ [索取号:U412.36/2] 在馆    
3 707654   2000707654   中心书库北库/ 北库040架A面3列3层24/ [索取号:U412.36/2] 在馆    
4 707655   2000707655   中心书库北库/ 北库040架A面3列3层26/ [索取号:U412.36/2] 在馆    
5 707656   2000707656   中心书库北库/ 北库040架A面3列3层27/ [索取号:U412.36/2] 在馆    
6 707657   2000707657   中心书库北库/ 北库040架A面3列3层28/ [索取号:U412.36/2] 在馆    
7 707658   2000707658   中心书库北库/ 北库040架A面3列3层29/ [索取号:U412.36/2] 在馆    
8 707659   2000707659   中心书库北库/ 北库040架A面3列3层30/ [索取号:U412.36/2] 在馆    
9 707660   2000707660   中心书库北库/ 北库040架A面3列3层21/ [索取号:U412.36/2] 在馆    
10 707661   2000707661   中心书库北库/ 北库040架A面3列3层25/ [索取号:U412.36/2] 在馆    
山东省滨州职业学院图书馆 欢迎您!
大连网信软件有限公司© 版权所有